000 00416nam a22001577a 4500
005 20251108175529.0
008 250721s1999 xx 000 0 eng d
082 1 4 _aJ/F/MAL
100 1 _amallat, kathy
245 1 0 _abrave bear /
264 1 _anewyork :
_bwalker and company,
_c1999.
650 1 7 _aFICTION
653 _aاطفال مرحلة متوسطة (4-6) سنوات
942 _2ddc
_cBK
999 _c136276
_d136276